000 003600000a22001210004500
090 _aAS
_bSeriadas
245 1 0 _aReview of Antephrys with description af a new Colombian species
041 0 _aInglés
700 1 _aAmarillo S., Angela R.
_923170
100 1 _aJohnson, Kurt
_915488
942 _cARTICULO
773 1 _tRevista de Theclinae Colombianos
_q1-16
_d1997
_g1
999 _c16047
_d16047